000 00442nam a2200157Ia 4500
005 20260417150916.0
008 260417s9999||||xx |||||||||||||| ||und||
020 _a9789814414241
041 _aeng
100 _aChen/Jones
245 0 _aAgeing in asean
260 _bCambridge, Cambridge,
_c2015
650 _aMedia & Communication
856 _uhttps://www.cambridge.org/core/product/identifier/9789814414241/type/BOOK
942 _cE-BOOK
999 _c50649
_d50649